|
|
|
|
| LEADER |
00000nam a22000007a 4500 |
| 003 |
cru CIDCACS/IIS |
| 005 |
20180912152901.0 |
| 008 |
180912b1987 cr ||||| |||| 00| 0 spa d |
| 999 |
|
|
|c 41676
|d 41676
|
| 040 |
|
|
|c cru CIDCACS/IIS
|
| 090 |
|
4 |
|a REV0750 (9) 1987
|
| 100 |
1 |
|
|9 7692
|a Rivera Pagán, Luis N.
|
| 110 |
2 |
|
|9 7636
|a Departamento Ecuménico de Investigaciones (DEI)
|
| 245 |
1 |
4 |
|a Las instrucciones del Vaticano sobre la teología latinoamericana de la liberación
|c Luis N. Rivera Pagán
|
| 260 |
|
|
|a San José, Costa Rica
|b DEI
|c 1987
|
| 300 |
|
|
|a 10-17
|
| 650 |
1 |
7 |
|9 3285
|a TEOLOGIA DE LA LIBERACION
|
| 650 |
1 |
7 |
|9 236
|a MARXISMO
|
| 650 |
1 |
0 |
|9 38
|a DERECHOS HUMANOS
|
| 651 |
1 |
0 |
|9 387
|a BRASIL
|
| 651 |
1 |
0 |
|9 17
|a AMERICA LATINA
|
| 773 |
0 |
|
|0 41641
|9 2246
|a Departamento Ecuménico de Investigaciones (DEI)
|d San José, Costa Rica Departamento Ecuménico de Investigaciones (DEI)
|o 20032
|t Pasos /
|
| 942 |
|
|
|2 ddc
|c PP
|